Geography Quiz

Random Geography or City Quiz

City Distance Sort II Quiz Stats

 Plays Quiz not verified by Sporcle

Score 0/10 Timer 04:00
1 Play Today
% Correct
Kinshasa to Brazzaville
72.6%
Helsinki to Stockholm
67%
Brisbane to Perth
63.8%
Madrid to Tunis
62.9%
Belgrade to Rome
57.5%
Singapore to Mexico City
56.2%
Vancouver to Buenos Aires
44.8%
Seoul to Tehran
37.6%
Havana to Timbuktu
31.9%
Kyiv to Jakarta
30%

You're not logged in!

Compare scores with friends on all Sporcle quizzes.
OR
Log In

Show Comments

Extras

Top Quizzes Today


Score Distribution

Your Account Isn't Verified!

In order to create a playlist on Sporcle, you need to verify the email address you used during registration. Go to your Sporcle Settings to finish the process.

Report this User

Report this user for behavior that violates our Community Guidelines.

Details: